000 02946nam a2200409 i 4500
001 000022454
003 DO-SdBNP
005 20260312122946.0
007 ta
008 101011s2005 dr r 000 0 spa d
020 _a9945853503
040 _aDO-SdBNP
_bspa
_cBNPHU
_erda
041 _aspa
082 4 _a305.8
_bA188r
_222
245 0 3 _aLa actitud racial en República Dominicana /
_cprólogo, José Rafael Núñez.
264 _aSanto Domingo :
_bSJRM
_c2005.
300 _a196 páginas ;
_c23 cm.
336 _atexto
_btxt
_2rdacontent
337 _asin mediación
_bn
_2rdamedia
338 _avolumen
_bnc
_2rdacarrier
490 1 _aRelación Domínico-Haitianas ;
490 1 _aSerie
_v5
500 _aIncluye índice de cuadros
500 _aIncluye referencias bibliográficas y notas al pie de las páginas
505 0 _a• Prólogo -- Resumen ejecutivo -- INTRODUCCIÓN -- Contexto -- Aspectos metodológicos -- Descripción de escenarios: Santo Domingo y Dajabón -- Caracterización de actores-as -- Productos de la investigación -- Análisis e informe -- ENFOQUE DE LA ACTITUD RACIAL EN EL MARCO DE LOS DERECHOS HUMANOS -- ¿Con qué derecho? -- La raza en República Dominicana -- Tres grupos migratorios -- Declaración contra el racismo, la discriminación racial, la xenofobia y las formas conexas de intolerancia -- Graves violaciones de los derechos humanos -- Causas y víctimas del racismo (...) -- Diversidad -- Medidas -- Convención Internacional sobre la Eliminación de todas las Formas de Discrimación Racial -- Toda distinción -- El Comité para la Eliminación de la Discriminación Racial --Conclusión -- IDENTIDAD Y ACTITUD RACIAL -- Perspectiva crítica sobre la identidad dominicana -- Autodefinición etno-racial -- Identidad racial y representación social -- Percepción general de los grupos en torno a los valores -- Posición frente a lo racial y actitudes racistas -- Conclusión -- ASPECTOS INSTITUCIONALES Y ACTITUD RACIAL -- El racismo en el sistema escolar -- El racismo y el currículo -- Los(as) docentes -- El prejuicio racial en la familia. Elección de pareja -- La estructura laboral -- La Iglesia -- La justicia y los cuerpos armados -- Conclusión -- EL PREJUICIO DOMINICANO HACIA LOS /LAS HAITIANOS/AS El prejuicio dominicano hacia el/la haitiano/a .
590 _aInventariado, 2018/BT
650 4 _aDiscriminación racial
_zRepública Dominicana
_92280
650 4 _aHaitianos en república dominicana
_92246
650 4 _aDiscriminacion en la educación
_946282
650 4 _aHaitianos
_xCondiciones sociales
_946283
700 1 _aNúñez, José Rafael,
_eprologuista
_4pr.
_946285
710 1 _aServicio Jesuita a refugiados y migrantes
_946284
710 1 _aServicio Jesuita a Refugiad@s y Migrantes (República Dominicana)
_946286
830 0 0 _aRelación Domínico-Haitianas ;
_pSerie
_v5
_946287
910 _aValidado. Control de calidad. MFF
942 _2ddc
_cLBS1
999 _c21952
_d21952